00331nam a2200133Ia 4500008004100000041000800041082001400049100002100063245002400084250001400108260003300122300002900155365001300184240624s9999 xx 000 0 und d aeng a658.2 TOM aTOMPKING JAMES A aFACILITIES PLANNING a(4th ed.) c2015aNew DelhibWiley India ax, : 854 : p. : cm. ; 23 cRSb27.5